<?xml version="1.0" encoding="UTF-8"?>
<collection xmlns="http://www.loc.gov/MARC21/slim">
    <record>
        <controlfield tag="001">96265</controlfield>
        <controlfield tag="005">20201120151202.0</controlfield>
        <datafield tag="037" ind1=" " ind2=" ">
            <subfield code="a">TAZ-TFM-2020-1096</subfield>
        </datafield>
        <datafield tag="041" ind1=" " ind2=" ">
            <subfield code="a">spa</subfield>
        </datafield>
        <datafield tag="100" ind1="1" ind2=" ">
            <subfield code="a">Teresa Blanco, Rebeca</subfield>
        </datafield>
        <datafield tag="242" ind1="0" ind2="0">
            <subfield code="a">Development of the study detection of falls in the elderly through smart insoles</subfield>
        </datafield>
        <datafield tag="245" ind1="0" ind2="0">
            <subfield code="a">Desarrollo del procedimiento de detección de caídas en ancianos mediante plantillas inteligentes</subfield>
        </datafield>
        <datafield tag="260" ind1=" " ind2=" ">
            <subfield code="a">Zaragoza</subfield>
            <subfield code="b">Universidad de Zaragoza</subfield>
            <subfield code="c">2020</subfield>
        </datafield>
        <datafield tag="506" ind1=" " ind2=" ">
            <subfield code="a">by-nc-sa</subfield>
            <subfield code="b">Creative Commons</subfield>
            <subfield code="c">3.0</subfield>
            <subfield code="u">http://creativecommons.org/licenses/by-nc-sa/3.0/</subfield>
        </datafield>
        <datafield tag="520" ind1=" " ind2=" ">
            <subfield code="a">La Organización Mundial de la Salud estima que cada año se producen 646.000 caídas fatales, lo que la convierte en la segunda causa de muerte por lesiones no intencionales, después de las lesiones causadas por el tráfico. La mayor cantidad de caídas fatales se produce en personas mayores de 65 años, debido a que la mayor morbilidad ocurre a partir de esta edad. Por lo tanto, la población anciana va a ser nuestro objeto de estudio.&lt;br />En siguiente Trabajo de Fin de Máster se desarrolla un procedimiento de detección de caídas en ancianos mediante unas plantillas sensorizadas. Está desarrollado en cuatro fases principales: estudio del estado del arte, diseño del procedimiento, procesado de datos y resultados y conclusiones. El objetivo principal del trabajo es la obtención de un modelo de detección de caídas fiable (alta precisión y un número de falsos positivos nulo).&lt;br />El hardware utilizado para la recogida de datos deriva de una colaboración con la empresa Podoactiva y el grupo de investigación HOWLab de la Universidad de Zaragoza. Estas plantillas, contiene sensores (acelerómetro y resistivos de presión) y mediante un módulo bluetooth mandan los datos a unos receptores. Estos receptores han sido desarrollados por el grupo de investigación HOWLab de la Universidad de Zaragoza.&lt;br />A lo largo de este trabajo se desarrollan cada una de las fases implicadas, así como la explicación de las decisiones de diseño tomadas en cada una de ellas. Finalmente se realizarán una serie de conclusiones y posibles líneas futuras. &lt;br />&lt;br /></subfield>
        </datafield>
        <datafield tag="521" ind1=" " ind2=" ">
            <subfield code="a">Máster Universitario en Ingeniería Electrónica</subfield>
        </datafield>
        <datafield tag="540" ind1=" " ind2=" ">
            <subfield code="a">Derechos regulados por licencia Creative Commons</subfield>
        </datafield>
        <datafield tag="700" ind1=" " ind2=" ">
            <subfield code="a">Casas Nebra, Roberto José</subfield>
            <subfield code="e">dir.</subfield>
        </datafield>
        <datafield tag="700" ind1=" " ind2=" ">
            <subfield code="a">Martín del Brío, Bonifacio</subfield>
            <subfield code="e">dir.</subfield>
        </datafield>
        <datafield tag="710" ind1="2" ind2=" ">
            <subfield code="a">Universidad de Zaragoza</subfield>
            <subfield code="b">Ingeniería Electrónica y Comunicaciones</subfield>
            <subfield code="c">Tecnología Electrónica</subfield>
        </datafield>
        <datafield tag="856" ind1="0" ind2=" ">
            <subfield code="f">721200@unizar.es</subfield>
        </datafield>
        <datafield tag="856" ind1="4" ind2=" ">
            <subfield code="s">6562338</subfield>
            <subfield code="u">http://zaguan.unizar.es/record/96265/files/TAZ-TFM-2020-1096_ANE.pdf</subfield>
            <subfield code="y">Anexos (spa)</subfield>
        </datafield>
        <datafield tag="856" ind1="4" ind2=" ">
            <subfield code="s">996609</subfield>
            <subfield code="u">http://zaguan.unizar.es/record/96265/files/TAZ-TFM-2020-1096.pdf</subfield>
            <subfield code="y">Memoria (spa)</subfield>
        </datafield>
        <datafield tag="909" ind1="C" ind2="O">
            <subfield code="o">oai:zaguan.unizar.es:96265</subfield>
            <subfield code="p">driver</subfield>
            <subfield code="p">trabajos-fin-master</subfield>
        </datafield>
        <datafield tag="950" ind1=" " ind2=" ">
            <subfield code="a"></subfield>
        </datafield>
        <datafield tag="951" ind1=" " ind2=" ">
            <subfield code="a">deposita:2020-11-20</subfield>
        </datafield>
        <datafield tag="980" ind1=" " ind2=" ">
            <subfield code="a">TAZ</subfield>
            <subfield code="b">TFM</subfield>
            <subfield code="c">EINA</subfield>
        </datafield>
        <datafield tag="999" ind1=" " ind2=" ">
            <subfield code="a">20200923000535.CREATION_DATE</subfield>
        </datafield>
    </record>

    
</collection>